The Administrative Reforms Commission and its work: a brief survey (Record no. 489254)

000 -LEADER
fixed length control field 00396cam a22001097a 4500
008 - FIXED-LENGTH DATA ELEMENTS--GENERAL INFORMATION
fixed length control field 180718b1970 xxu||||| |||| 00| 0 eng d
082 ## - DEWEY DECIMAL CLASSIFICATION NUMBER
Classification number I5135x54 AR/S
245 ## - TITLE STATEMENT
Title The Administrative Reforms Commission and its work: a brief survey
Statement of responsibility, etc. by Administrative Reforms Commission
260 ## - PUBLICATION, DISTRIBUTION, ETC.
Place of publication, distribution, etc. Delhi
Name of publisher, distributor, etc. The Manager of Publications
Date of publication, distribution, etc. 1970
300 ## - PHYSICAL DESCRIPTION
Extent 68+p.
700 ## - ADDED ENTRY--PERSONAL NAME
Personal name India. Administrative Reforms Commission
Holdings
Withdrawn status Lost status Damaged status Not for loan Permanent Location Current Location Date acquired Full call number Barcode Date last seen Price effective from Koha item type
        Indian Institute of Public Administration Indian Institute of Public Administration 2018-08-04 I5135x54 AR/S G10235 2018-08-04 2018-08-04 G

Powered by Koha